000
00294nam a22001217a 4500
008
170519b xxu||||| |||| 00| 0 eng d
041
_a
eng
080
_a
94(7/8)
100
_a
16
101
_a
SHH
245
_a
SOURCES OF THE AMERICAN SOCIAL TRADITION
_c
ROTHMAN.D.J
942
_2
udc
_c
BK
999
_c
13588
_d
13588